000 00562nam a2200169Ia 4500
008 090711s9999 xx 000 0 und d
082 _b323
100 _aभावे राम
245 _aबहुरू पी वामन भाग 1
260 _bपुष्प प्रकाशन प्रा. लि.
_c1999
300 _a168
600 _aभावे राम
630 _aबहुरू पी वामन भाग 1
700 _aभावे राम
730 _aबहुरू पी वामन भाग 1
942 _cBOOK
999 _c335244
_d335244